<?xml version="1.0" encoding="UTF-8"?>
<record
    xmlns:xsi="http://www.w3.org/2001/XMLSchema-instance"
    xsi:schemaLocation="http://www.loc.gov/MARC21/slim http://www.loc.gov/standards/marcxml/schema/MARC21slim.xsd"
    xmlns="http://www.loc.gov/MARC21/slim">

  <leader>01890nam a2200457Ia 4500</leader>
  <controlfield tag="001">114465</controlfield>
  <controlfield tag="003">DR-UNIBE</controlfield>
  <controlfield tag="005">20260318113146.0</controlfield>
  <controlfield tag="008">260316b2024    dr ||||| |||| 00| 0 spa d</controlfield>
  <datafield tag="020" ind1=" " ind2=" ">
    <subfield code="a">9789945629514</subfield>
  </datafield>
  <datafield tag="040" ind1=" " ind2=" ">
    <subfield code="a">BIBLIOTECA UNIBE</subfield>
    <subfield code="c">BIBLIOTECA UNIBE</subfield>
    <subfield code="e">rda</subfield>
  </datafield>
  <datafield tag="041" ind1=" " ind2=" ">
    <subfield code="a">spa</subfield>
  </datafield>
  <datafield tag="082" ind1=" " ind2=" ">
    <subfield code="a">RD 860.44 O13p 2024</subfield>
  </datafield>
  <datafield tag="245" ind1="1" ind2="0">
    <subfield code="a">Obras premiadas vigesimo octavo concurso de arte y literatura Bancentral 2024 /</subfield>
    <subfield code="c">Jes&#xFA;s Mart&#xED;n Sacrist&#xE1;n [y otros diecis&#xE9;is ]</subfield>
  </datafield>
  <datafield tag="260" ind1=" " ind2="1">
    <subfield code="a">Santo Domingo : </subfield>
    <subfield code="b">Banco Central de la Rep&#xFA;blica Dominicana, </subfield>
    <subfield code="c">2025</subfield>
  </datafield>
  <datafield tag="300" ind1=" " ind2=" ">
    <subfield code="a">169 p&#xE1;ginas :</subfield>
    <subfield code="b">ilustraciones</subfield>
  </datafield>
  <datafield tag="490" ind1=" " ind2=" ">
    <subfield code="a">Colecci&#xF3;n Banco Central de la Rep&#xFA;blica Dominicana ;</subfield>
    <subfield code="v">volumen 330</subfield>
  </datafield>
  <datafield tag="490" ind1=" " ind2=" ">
    <subfield code="a">Serie obras premiadas ;</subfield>
    <subfield code="v">n&#xFA;mero 28</subfield>
  </datafield>
  <datafield tag="650" ind1=" " ind2="7">
    <subfield code="a">Cuentos dominicanos </subfield>
    <subfield code="9">59427</subfield>
    <subfield code="2">lemb</subfield>
  </datafield>
  <datafield tag="650" ind1=" " ind2="7">
    <subfield code="a">Literatura dominicana</subfield>
    <subfield code="9">59428</subfield>
    <subfield code="2">lemb</subfield>
  </datafield>
  <datafield tag="650" ind1=" " ind2="7">
    <subfield code="a">Artes pl&#xE1;sticas</subfield>
    <subfield code="2">lemb</subfield>
  </datafield>
  <datafield tag="650" ind1=" " ind2="7">
    <subfield code="a">Cert&#xE1;menes literarios</subfield>
    <subfield code="2">lemb</subfield>
  </datafield>
  <datafield tag="700" ind1=" " ind2=" ">
    <subfield code="a">Mart&#xED;n Sacrist&#xE1;n, Jes&#xFA;s </subfield>
    <subfield code="e">autor</subfield>
    <subfield code="9">20231</subfield>
  </datafield>
  <datafield tag="700" ind1=" " ind2=" ">
    <subfield code="a">Mariz&#xE1;n, Narda </subfield>
    <subfield code="e">autor</subfield>
    <subfield code="9">203422</subfield>
  </datafield>
  <datafield tag="700" ind1=" " ind2=" ">
    <subfield code="a">Javier, Luis </subfield>
    <subfield code="e">autor</subfield>
    <subfield code="9">191312</subfield>
  </datafield>
  <datafield tag="700" ind1=" " ind2=" ">
    <subfield code="a">Esteban, Yolanda </subfield>
    <subfield code="e">autor</subfield>
    <subfield code="9">20239</subfield>
  </datafield>
  <datafield tag="700" ind1=" " ind2=" ">
    <subfield code="a">Santos de Rosario, Hilda Andre&#xED;na </subfield>
    <subfield code="e">autor</subfield>
    <subfield code="9">20234</subfield>
  </datafield>
  <datafield tag="700" ind1=" " ind2=" ">
    <subfield code="a"> Garc&#xED;a Tejada, Fabiano Antonio</subfield>
    <subfield code="e">autor</subfield>
    <subfield code="9">20235</subfield>
  </datafield>
  <datafield tag="700" ind1=" " ind2=" ">
    <subfield code="a">Concepci&#xF3;n, Manuel A. </subfield>
    <subfield code="e">autor</subfield>
    <subfield code="9">20237</subfield>
  </datafield>
  <datafield tag="700" ind1=" " ind2=" ">
    <subfield code="a">Gil Garc&#xED;a, Brinnia Mercedes</subfield>
    <subfield code="e">autor</subfield>
    <subfield code="9">203423</subfield>
  </datafield>
  <datafield tag="700" ind1=" " ind2=" ">
    <subfield code="a">Fern&#xE1;ndez Garc&#xED;a, Rafael El&#xED;as </subfield>
    <subfield code="e">autor</subfield>
    <subfield code="9">20238</subfield>
  </datafield>
  <datafield tag="700" ind1=" " ind2=" ">
    <subfield code="a">P&#xE9;rez Hern&#xE1;ndez, Juan </subfield>
    <subfield code="e">autor</subfield>
    <subfield code="9">20243</subfield>
  </datafield>
  <datafield tag="700" ind1=" " ind2=" ">
    <subfield code="a"> R&#xED;o, Jovanny del</subfield>
    <subfield code="e">autor</subfield>
    <subfield code="9">20242</subfield>
  </datafield>
  <datafield tag="700" ind1=" " ind2=" ">
    <subfield code="a">Cueto Cabrera, Amarilis </subfield>
    <subfield code="e">autor</subfield>
    <subfield code="9">20247</subfield>
  </datafield>
  <datafield tag="700" ind1=" " ind2=" ">
    <subfield code="a"> P&#xE9;rez B&#xE1;ez, Pr&#xF3;spero Eloy</subfield>
    <subfield code="e">autor</subfield>
    <subfield code="9">20248</subfield>
  </datafield>
  <datafield tag="700" ind1=" " ind2=" ">
    <subfield code="a">Troncoso Hasb&#xFA;n, Gisela del Carmen </subfield>
    <subfield code="e">autor</subfield>
    <subfield code="9">20249</subfield>
  </datafield>
  <datafield tag="700" ind1=" " ind2=" ">
    <subfield code="a">P&#xE9;rez Felipe, Isidro Fernando </subfield>
    <subfield code="e">autor</subfield>
    <subfield code="9">203424</subfield>
  </datafield>
  <datafield tag="700" ind1=" " ind2=" ">
    <subfield code="a">Medina de Fr&#xED;as, Luis F. </subfield>
    <subfield code="e">autor</subfield>
    <subfield code="9">203425</subfield>
  </datafield>
  <datafield tag="942" ind1=" " ind2=" ">
    <subfield code="c">BK</subfield>
    <subfield code="2">ddc</subfield>
  </datafield>
  <datafield tag="951" ind1=" " ind2=" ">
    <subfield code="a">20070517 08:23:20</subfield>
  </datafield>
  <datafield tag="999" ind1=" " ind2=" ">
    <subfield code="c">114465</subfield>
    <subfield code="d">114465</subfield>
  </datafield>
  <datafield tag="952" ind1=" " ind2=" ">
    <subfield code="0">0</subfield>
    <subfield code="1">0</subfield>
    <subfield code="2">ddc</subfield>
    <subfield code="7">0</subfield>
    <subfield code="8">GEN-RD</subfield>
    <subfield code="a">Principal</subfield>
    <subfield code="d">2026-03-18</subfield>
    <subfield code="l">0</subfield>
    <subfield code="o">RD 860.44 O13p 2024</subfield>
    <subfield code="p">260257</subfield>
    <subfield code="r">2026-03-18 11:32:15</subfield>
    <subfield code="t">Ej. 1</subfield>
    <subfield code="w">2026-03-18</subfield>
    <subfield code="y">BK</subfield>
  </datafield>
</record>
